Online
Catalog

The Trujillo doctrine of the humanitarian diplomatic asylum / (Record no. 26315)

MARC details
000 -CABECERA
campo de control de longitud fija 00847nam a2200241 a 4500
001 - NÚMERO DE CONTROL
campo de control 000026823
005 - FECHA Y HORA DE LA ÚLTIMA TRANSACCIÓN
campo de control 20240409073641.0
008 - DATOS DE LONGITUD FIJA--INFORMACIÓN GENERAL
campo de control de longitud fija 110325t1947 mx ac 001 0deng d
040 ## - FUENTE DE LA CATALOGACIÓN
Centro catalogador/agencia de origen DO-SdBNP
Lengua de catalogación spa
Centro/agencia transcriptor BNPHU
041 07 - CÓDIGO DE LENGUA
Código de lengua del texto/banda sonora o título independiente eng
082 ## - NÚMERO DE LA CLASIFICACIÓN DECIMAL DEWEY
Número de clasificación 325.210946097293
Número de documento/Ítem H474t
049 ## - FONDOS LOCALES (OCLC)
Fondos de biblioteca BNPD
100 1# - ENTRADA PRINCIPAL--NOMBRE DE PERSONA
Nombre de persona Helfant, Henry
9 (RLIN) 53943
245 14 - MENCIÓN DE TÍTULO
Título The Trujillo doctrine of the humanitarian diplomatic asylum /
Mención de responsabilidad, etc. Henry Helfant.
260 ## - PUBLICACIÓN, DISTRIBUCIÓN, ETC.
Lugar de publicación, distribución, etc. México :
Nombre del editor, distribuidor, etc. Offset Continente,
Fecha de publicación, distribución, etc. 1947.
300 ## - DESCRIPCIÓN FÍSICA
Extensión 288 p. :
Otras características físicas il., retrs. ;
Dimensiones 20 cm.
504 ## - NOTA DE BIBLIOGRAFÍA, ETC.
Nota de bibliografía, etc. Incluye bibliografía de la guerra civil española y el asilo diplomático (1936-1939).
546 ## - NOTA DE LENGUA/LENGUAJE
Nota de lengua/lenguaje Inglés
600 10 - PUNTO DE ACCESO ADICIONAL DE MATERIA--NOMBRE DE PERSONA
Nombre de persona Trujillo Molina, Rafael Leónidas,
Fechas asociadas al nombre 1891-1961
9 (RLIN) 76764
650 #4 - PUNTO DE ACCESO ADICIONAL DE MATERIA--TÉRMINO DE MATERIA
Término de materia o nombre geográfico como elemento de entrada Refugiados politicos
9 (RLIN) 53944
650 #4 - PUNTO DE ACCESO ADICIONAL DE MATERIA--TÉRMINO DE MATERIA
Término de materia o nombre geográfico como elemento de entrada Refugiados españoles
9 (RLIN) 53945
910 ## - DATOS DE OPCIÓN DEL USUARIO (OCLC)
Datos de opción del usuario Validado. Control de calidad EMS.
Holdings
Estado de retiro Estado de pérdida Restricciones de uso No para préstamo Código de colección Localización permanente Ubicación/localización actual Ubicación en estantería Fecha de adquisición Número de inventario Total de préstamos Signatura topográfica completa Código de barras Fecha visto por última vez Precio válido a partir de Tipo de ítem Koha
      Excluido de préstamo Raros y valiosos Patrimonio Dominicano Patrimonio Dominicano Depósito 25.03.2011 LF1   325.210946097293 H474t 26823-10 25.06.2020 25.06.2020 No se presta

Powered by Koha